Les sigles de l'Éducation Nationale - Statistiques

Statistiques générales
  • Ce quiz a été pris 33 fois
  • Le résultat moyen est 4 sur 40
Statistiques - réponses
Sigle Description % Correct
AED Assistant d'Éducation
56%
CIO Centre d'Information et d'Orientation
52%
CVL Conseil de Vie Lycéenne
48%
FLE Français Langue Étrangère
36%
TDAH Trouble du Déficit de l'Attention avec ou sans Hyperactivité
32%
EMI Éducation aux Médias et à l'Information
24%
AESH Accompagnant des Élèves en Situation de Handicap
20%
DASEN Directeur Académique des Services de l'Éducation Nationale
20%
ENT Espace Numérique de Travail
20%
EPLE Établissement Public Local d'Enseignement
16%
REP Réseau d'Éducation Prioritaire
16%
EBEP Élèves a Besoins Éducatifs Particuliers
12%
PAI Projet d'Accueil Individualisé
12%
EANA Élèves Allophones Nouvellement Arrivés
8%
PPRE Programme Personnalisé de Réussite Éducative
8%
PAP Projet d'Accompagnement Personnalisé
8%
DAN Délégué Académique au Numérique
4%
INSPE Institut National Supérieur du Professorat et de l'Éducation
4%
PPS Projet Personnalisé de Scolarisation
4%
TZR Titulaire sur Zone de Remplacement
4%
TSA Troubles du Spectre Autistique
4%
DPD Délégué à la Protection des Données
0%
DRANE Direction Régionale Académique au Numérique Éducatif
0%
EFIV Enfants Issus de Familles Itinérantes et Voyageurs
0%
ERSEH Enseignant Référent à la Scolarisation des Élèves en situation de Handicap
0%
ERUN Enseignant Référent aux Usages du Numérique
0%
E3D Établissement en Démarche de Développement Durable
0%
EREA Établissement Régional d'Enseignement Adapté
0%
IA-IPR Inspecteur Académique - Inspecteur Pédagogique Régional
0%
ONISEP Office National d'Information sur les Enseignements et les Professions
0%
QPV Quartier prioritaire de la Politique de la Ville
0%
RIP Recueil d'Informations Préoccupantes
0%
RGPD Règlement Général sur la Protection des Données
0%
RASED Réseau d'Aides Spécialisées aux Élèves en Difficulté
0%
SEGPA Section d'Enseignement Général et Professionnel Adapté
0%
TICE Technologies de l'Information et de la Communication pour l'Enseignement
0%
TraAM Travaux Académiques Mutualisés
0%
TND Troubles du Neuro-Développement
0%
ULIS Unité Localisée pour l'Inclusion Scolaire
0%
UPE2A Unité Pédagogique pour Élèves Allophones Arrivants
0%
Aucun quiz correspondant
Distribution des résultats
% des personnes avec chaque résultat
Percentile par nombre de réponses
Votre historique - résultats
Vous n’avez pas pris ce quiz